Θεατρικές επιφυλλίδες

Saved in:
Bibliographic Details
Main Author: Πολίτης, Φώτος, 1890-1934
Format: Book
Language:Greek
Published: Αθήνα : Γαλαξίας, 1964
Series:Βιβλιοθήκη Ελλήνων και ξένων συγγραφέων
Subjects:
Tags: Add Tag
No Tags, Be the first to tag this record!

MARC

LEADER 00000cam a2200000 i 4500
001 1/61778
008 040924s1964 gre d
035 |l 10074534 
040 |a GR-MY-UA  |b gre  |e aacr 
041 0 |a gre 
082 0 |a 792.01 
100 1 |a Πολίτης, Φώτος,   |d 1890-1934. 
245 1 0 |a Θεατρικές επιφυλλίδες /  |c Φώτου Πολίτου 
260 |a Αθήνα :   |b Γαλαξίας,   |c 1964 
300 |a 303 σ.;  |c 19 εκ. 
490 1 |a Βιβλιοθήκη Ελλήνων και ξένων συγγραφέων 
650 0 0 |a Theater  |z Greece. 
650 0 0 |a Motion pictures  |z Greece. 
650 0 0 |a Drama  |x History and criticism. 
830 0 |a Βιβλιοθήκη Ελλήνων και ξένων συγγραφέων  
852 |a INST  |b SAMOS  |e 20040924  |h 792.01 ΠΟΛ  |p 005300023361  |q 005300023361  |t BK  |y 0 
901 |a BIBL3-2004-3 
909 |a Σ  |b 107309 
970 |a ΜΑΛΑΓΑΡΗ  |b ΦΩΤΕΙΝΗ  |z 2004/09/24